Religion Quiz

Random Religion or German Quiz
Score 0/12 Timer 05:00
1 Play Today
John 3:16 Language % Correct
For God so loved the world that he gave his one and only Son, that whoever believes in him shall not perish but have eternal life.English
99.8%
Car Dieu a tant aimé le monde, qu'il a donné son Fils unique, afin que quiconque croit en lui ne périsse point, mais qu'il ait la vie éternelle.French
94.4%
Porque de tal manera amó Dios al mundo, que ha dado a su Hijo unigénito, para que todo aquel que en él cree, no se pierda, mas tenga vida eterna.Spanish
83.8%
Denn Gott liebte die Welt, daß er seinen eingeborenen Sohn gab, damit jeder, der an ihn glaubt, nicht zugrunde geht, sondern das ewige Leben hat.German
83.1%
Porque Deus amou o mundo de tal maneira que deu o seu Filho unigênito, para que todo aquele que nele crê não pereça, mas tenha a vida eterna.Portuguese
77.3%
För Gud älskade människorna så mycket att han gav dem sin ende Son, för att de som tror på honom inte ska gå under utan ha evigt liv.Swedish
71.7%
Albowiem tak Bóg umiłował świat, że dał swego jednorodzonego Syna, aby każdy, kto w Niego wierzy, nie zginął, ale miał życie wieczne.Polish
62.5%
For således elskede Gud verden, at han gav sin enbårne søn, for at enhver, som tror på ham, ikke skal fortabes, men have evigt liv.Danish
61%
Carodd Duw y byd gymaint nes iddo roi ei unig Fab, er mwyn i bob un sydd yn credu ynddo Ef beidio a mynd i ddistryw ond cael bywyd tragwyddol.Welsh
58.2%
Sillä niin on Jumala maailmaa rakastanut, että hän antoi ainokaisen Poikansa, niin että jokainen, joka uskoo häneen ei hukkuisi, vaan saisi iankaikkisen elämän.Finnish
57.7%
Því svo elskaði Guð heiminn, að hann gaf eitt sinn og einkason, að hver sem trúir á hann glatist ekki, heldur hafi eilíft líf.Icelandic
53.4%
Awa wa faapea lava ona alofa mai o le Atua i le lalolagi wa ia au mai ai lona Atalii e toatasi, ina ia le fano se tasi e faatuatua ia te ia a ia maua e ia le ola e faavavau.Samoan
22.1%
Remove Ads.
Support Sporcle.
Get the best of Sporcle when you Go Orange. This ad-free experience offers more features, more stats, and more fun while also helping to support Sporcle. Thank you for becoming a member.

You're not logged in!

Compare scores with friends on all Sporcle quizzes.
OR
Log In

Sporcle TV

Today on Sporcle TV


Watch our educational content, quiz creation guides, and fun videos on Sporcle TV.

Show Comments

Extras

Top Quizzes Today


Score Distribution

Paid Content

Your Account Isn't Verified!

In order to create a playlist on Sporcle, you need to verify the email address you used during registration. Go to your Sporcle Settings to finish the process.

Report this User

Report this user for behavior that violates our Community Guidelines.

Details: